| 000 | 00852nab a2200253 u 4500 | ||
|---|---|---|---|
| 001 | 19596 | ||
| 003 | HDC | ||
| 007 | cr bn ---aaaaa | ||
| 008 | 210302c |r|noo 0 a d | ||
| 040 | _aHDC | ||
| 100 |
_aPhoenixon, Claire, _eauthor _917986 |
||
| 245 | 0 |
_aENTREPRENEURS SHINE AT SPRINGBOARD TRENDS EVENT / _cby Claire Phoenixon |
|
| 260 |
_a[No place] : _b[publisher not identified], _c2016 |
||
| 336 |
_atext _2rdacontent |
||
| 337 |
_acomputer _2rdamedia |
||
| 338 |
_aonline resource _2rdacarrier |
||
| 650 |
_aEntrepreneur _91863 |
||
| 650 |
_aEntrepreneurship _9209 |
||
| 710 | _aFOODBEV.COM | ||
| 856 | _zRequest full-text at [email protected] | ||
| 942 | _2lcc | ||
| 942 | _cNEWS | ||
| 942 | _kNWSO 009769 | ||
| 999 |
_c16912 _d16912 |
||